Sports Quiz

Random Sports or Basketball Quiz

Men's Div I Basketball (2000s) Quiz Stats

 Plays Quiz Updated May 21, 2018

Challenge
Share
Tweet
Embed
Score 0/200 Timer 10:00
0 Plays Today
Year Team % Correct
2000Duke
98.3%
2001Duke
98.3%
2002Duke
98.3%
2003Duke
98.3%
2004Duke
98.3%
2005Duke
98.3%
2006Duke
98.3%
2008Duke
98.3%
2009Duke
98.3%
2001North Carolina
98.1%
2004North Carolina
98.1%
2005North Carolina
98.1%
2006North Carolina
98.1%
2007North Carolina
98.1%
2008North Carolina
98.1%
2009North Carolina
98.1%
2000Florida
95.1%
2001Florida
95.1%
2002Florida
95.1%
2003Florida
95.1%
2005Florida
95.1%
2006Florida
95.1%
2007Florida
95.1%
2000Texas
94.1%
2001Texas
94.1%
2003Texas
94.1%
2004Texas
94.1%
2006Texas
94.1%
2007Texas
94.1%
2008Texas
94.1%
2001Kansas
94.1%
2002Kansas
94.1%
2003Kansas
94.1%
2004Kansas
94.1%
2005Kansas
94.1%
2006Kansas
94.1%
2007Kansas
94.1%
2008Kansas
94.1%
2009Kansas
94.1%
2000Kentucky
93.2%
2001Kentucky
93.2%
2002Kentucky
93.2%
2003Kentucky
93.2%
2004Kentucky
93.2%
2005Kentucky
93.2%
2000Michigan State
92.8%
2001Michigan State
92.8%
2005Michigan State
92.8%
2008Michigan State
92.8%
2009Michigan State
92.8%
2001UCLA
90.6%
2006UCLA
90.6%
2007UCLA
90.6%
2008UCLA
90.6%
2009UCLA
90.6%
2000Ohio State
89%
2002Ohio State
89%
2006Ohio State
89%
2007Ohio State
89%
2000Syracuse
88%
2001Syracuse
88%
2003Syracuse
88%
2004Syracuse
88%
2005Syracuse
88%
2009Syracuse
88%
2000Connecticut
86%
2002Connecticut
86%
Year Team % Correct
2004Connecticut
86%
2005Connecticut
86%
2006Connecticut
86%
2009Connecticut
86%
2008Connecticut
85.8%
2000Oklahoma
85.6%
2001Oklahoma
85.6%
2002Oklahoma
85.6%
2003Oklahoma
85.6%
2005Oklahoma
85.6%
2009Oklahoma
85.6%
2002Southern California
84.2%
2000Arizona
83.8%
2001Arizona
83.8%
2002Arizona
83.8%
2003Arizona
83.8%
2005Arizona
83.8%
2001Indiana
81.9%
2005Washington
81.8%
2006Washington
81.8%
2009Washington
81.8%
2001Illinois
80.7%
2002Illinois
80.7%
2003Illinois
80.7%
2004Illinois
80.7%
2005Illinois
80.7%
2006Illinois
80.7%
2009Florida State
79.8%
2002Oregon
78.3%
2007Oregon
78.3%
2007Georgetown
78%
2008Georgetown
78%
2000Tennessee
76.9%
2006Tennessee
76.9%
2008Tennessee
76.9%
2000Maryland
76.5%
2001Maryland
76.5%
2002Maryland
76.5%
2003Maryland
76.5%
2004Maryland
76.5%
2007Maryland
76.5%
2001Virginia
76.3%
2004Wisconsin
75.3%
2005Wisconsin
75.3%
2007Wisconsin
75.3%
2008Wisconsin
75.3%
2003Louisville
74.9%
2005Louisville
74.9%
2007Louisville
74.9%
2008Louisville
74.9%
2009Louisville
74.9%
2000Oklahoma State
74.4%
2002Oklahoma State
74.4%
2004Oklahoma State
74.4%
2005Oklahoma State
74.4%
2002Pittsburgh
74.1%
2003Pittsburgh
74.1%
2004Pittsburgh
74.1%
2006Pittsburgh
74.1%
2007Pittsburgh
74.1%
2008Pittsburgh
74.1%
2009Pittsburgh
74.1%
2004Georgia Tech
73.8%
2005Villanova
72.8%
2006Villanova
72.8%
2009Villanova
72.8%
2000LSU
72.7%
Year Team % Correct
2006LSU
72.7%
2002Alabama
72.7%
2009Arizona State
72.1%
2003Memphis
71.7%
2006Memphis
71.7%
2007Memphis
71.7%
2008Memphis
71.7%
2009Memphis
71.7%
2006Iowa
70.3%
2002Gonzaga
69.9%
2004Gonzaga
69.9%
2005Gonzaga
69.9%
2006Gonzaga
69.9%
2009Gonzaga
69.9%
2004NC State
69%
2003Wake Forest
68.5%
2004Wake Forest
68.5%
2005Wake Forest
68.5%
2009Wake Forest
68.5%
2008Purdue
65.7%
2009Purdue
65.7%
2000Stanford
65.3%
2001Stanford
65.3%
2003Stanford
65.3%
2004Stanford
65.3%
2008Stanford
65.3%
2001Notre Dame
64.8%
2007Notre Dame
64.8%
2008Notre Dame
64.8%
2007Washington State
63.5%
2001Mississippi
62.3%
2009Missouri
62.2%
2005Utah
61.2%
2001Boston College
60.8%
2005Boston College
60.7%
2006Boston College
60.7%
2007Texas A&M
59%
2007UNLV
58.5%
2008Butler
58.4%
2000St. John's (NY)
58.3%
2002Marquette
55.8%
2003Marquette
55.8%
2007Marquette
55.8%
2000Iowa State
52.7%
2001Iowa State
52.7%
2000Cincinnati
52.3%
2002Cincinnati
52.3%
2004Cincinnati
52.3%
2002Mississippi State
49%
2003Mississippi State
49%
2004Mississippi State
49%
2008Vanderbilt
48.1%
2003Xavier
47.7%
2008Xavier
47.7%
2009Xavier
47.7%
2000Temple
46.2%
2004St. Joseph's (PA)
46%
2006Nevada
35.1%
2007Nevada
35.1%
2003Dayton
26.2%
2003Creighton
25.6%
2006George Washington
22%
2007Southern Illinois
18.9%
2002Western Kentucky
18.1%
2000Tulsa
17.5%
2008Drake
16.1%

You're not logged in!

Compare scores with friends on all Sporcle quizzes.
OR
Log In

You Might Also Like...

Show Comments

Extras

Top Quizzes Today


Score Distribution

Your Account Isn't Verified!

In order to create a playlist on Sporcle, you need to verify the email address you used during registration. Go to your Sporcle Settings to finish the process.

Report this User

Report this user for behavior that violates our Community Guidelines.

Details: